| 000 | 00536cam a22001931 4500 | ||
|---|---|---|---|
| 001 | af 48000921 | ||
| 003 | DLC | ||
| 005 | 20260227110846.0 | ||
| 008 | 890524s1944 gw 000 1 ger c | ||
| 010 | _aaf 48000921 | ||
| 035 | _a(OCoLC)19759993 | ||
| 040 |
_aIllinois. Univ. Library _cCU _dCU _dDLC |
||
| 042 | _apremarc | ||
| 050 | 0 | 0 |
_aPT2635.O463 _bB7 |
| 100 | 2 |
_aRogge-Börner, Sophie, _d1878-1955. |
|
| 245 | 1 | 4 |
_aDie Brücke, _bRoman zwischen den Ufern. |
| 260 |
_aBerlin-Friedenau, _bP. Lippa, _c1944. |
||
| 300 |
_a334 p. _c19 cm. |
||
| 999 |
_c4271 _d4271 |
||